| 000 | 00428nam a22001697a 4500 | ||
|---|---|---|---|
| 003 | MACL | ||
| 005 | 20160802152005.0 | ||
| 008 | 160802b xxu||||| |||| 00| 0 eng d | ||
| 040 | _cMACL | ||
| 041 | _aEnglish | ||
| 082 | _a294 RAF | ||
| 100 |
_aRafiqi, Abdul Qaiyum _965980 |
||
| 245 |
_aSufism In Kashmir _cAbdul Qaiyam Rafiqi |
||
| 260 |
_aKashmir _bGulshan Books _c2009 |
||
| 650 |
_aReligion _965981 |
||
| 942 |
_2ddc _cBK |
||
| 999 |
_c55458 _d55458 |
||